000 00315nam a2200121Ia 4500
005 20251222141902.0
008 251222s9999||||xx |||||||||||||| ||spa||
082 _a371.6/S72
100 _aSovero Hinostroza, Franklin V.
245 0 _aCómo Dirigir un Centro Educativo Innovador
264 _bSan Marcos
942 _cLIB
999 _c8090
_d8090